00343 a2200133 4500000002500000100001300025110001300038245007300051250001900124260002000143264002000163942000700183999001900190 nam a22 7a 4500 a SJ Dodd a SJ Dodd aThe Routledge International Handbook of Social Work and Sexualities  alatest edition bRoutledgec2021 bRoutledgec2021 cBK c395320d395320